000 00482nam a22001577a 4500
003 OSt
008 260605b |||||||| |||| 00| 0 eng d
020 _a9789395700474
082 _a631.5
_bM49S
245 _aSasya Vigyan Sidhant Evam Paddhtiyan/
_bby Meena, Ram Narayan
260 _aDelhi:
_bSatish Serial Publishing House,
_c2024.
300 _axi, 537 p.
650 _aAgriculture and related technologies
650 _aCultivation and harvesting / Agronomy
942 _2ddc
_cBK
999 _c51508
_d51508